| 000 | 00699nam a2200229 u 4500 | ||
|---|---|---|---|
| 005 | 20240315063703.0 | ||
| 008 | 110901s2004 r 000 0 eng d | ||
| 020 | _a9700319903 | ||
| 035 | _aUPN01000181631 | ||
| 049 | _aI | ||
| 050 | 4 |
_aQL676.2 _bM3.2 |
|
| 100 | 1 |
_aMcEvoy, Paul _933661 |
|
| 245 | 1 | 0 |
_aAves / _cPaul McEvoy ; tr. Ma. Andrea Giovine. |
| 260 |
_aMéxico : _bCalandria, _c2004. |
||
| 300 |
_a24 p. : _bil. |
||
| 440 | 0 | _a8+ Lecturas intermedias para niños | |
| 500 | _a"Serie recomendada para niños de 8 en adelante" | ||
| 534 |
_pTítulo original: _tBirds |
||
| 650 | 4 |
_aAVES - _vLITERATURA JUVENIL _94147 |
|
| 650 | 2 |
_aAves _vLiteratura infantil _919835 |
|
| 905 | _aInfantil | ||
| 999 |
_c153734 _d153734 |
||